000 00561nam a2200169 i 4500
001 59539
003 ES-MaACL
005 20230906164042.0
007 t|
008 031029s1963 sp ||||1| spa d
100 1 _aElorriaga, Gabriel.
_947081
245 1 0 _aDinámica familiar española /
_cGabriel Elorriaga.
260 _aMadrid :
_bSecretaría Permanente de los Cogresos de la Familia Española,
_c1963.
300 _a97 p. ;
_c21 cm.
710 2 _aCongresos de la Familia Española.
_bSecretaría Permanente.
_9171680
852 _aES-MaACL
_jG-7372
_bR.65167
999 _c59539
_d59539